000 00748nam a22002177a 4500
005 20250401151039.0
008 250401b |||||||| |||| 00| 0 eng d
020 _a978-0691-19097-6 (hbk)
037 _cTB
040 _aAL
_cAL
041 _2eng
_aeng
084 _aV46 R3
_qAL
100 _aMestyan, Adam
_9751688
245 _aModern arab kingship:
_bRemaking the ottoman political order in the interwar middle east
260 _aPrinceton, USA:
_bPrinceton University Press,
_c2023.
300 _axix, 322p.
365 _c39.95
_dUSD
650 _aArab - history
_929528
942 _2CC
_cTB
_hV46 R3
_n0
999 _c1308346
_d1308346